Statistics for Euroopa riigid

Click here to take the quiz!

General Stats

  • This quiz has been taken 54 times
  • The average score is 31 of 45

Answer Stats

Riik% Correct
Eesti
100%
Belgia
84%
Hispaania
84%
Island
84%
Läti
84%
Leedu
84%
Norra
84%
Rootsi
84%
Soome
84%
Venemaa
84%
Portugal
79%
Saksamaa
79%
Ühendkuningriik
79%
Ukraina
79%
Valgevene
79%
Iirimaa
74%
Kreeka
74%
Madalmaad
74%
Prantsusmaa
74%
Taani
74%
Austria
68%
Itaalia
68%
Malta
68%
Serbia
68%
Slovakkia
68%
Sloveenia
68%
Šveits
68%
Vatikan
68%
Albaania
63%
Andorra
63%
Bosnia ja Hertsegoviina
63%
Moldova
63%
Poola
63%
San Marino
63%
Luksemburg
58%
Rumeenia
58%
Horvaatia
53%
Montenegro
53%
Tšehhi
53%
Ungari
53%
Bulgaaria
47%
Kosovo
47%
Monaco
47%
Liechtenstein
42%
Makedoonia
37%

Score Distribution

Percentile by Number Answered

Percent of People with Each Score

Your Score History

You have not taken this quiz